[Event "Dortmund Sparkassen op-B 44th"]
[Site "Dortmund"]
[Date "2016.07.15"]
[Round "7"]
[White "Biermann, Lenhard"]
[Black "Raskin, Vitaly"]
[Result "1/2-1/2"]
[WhiteElo "1836"]
[BlackElo "1676"]
[PlyCount "134"]
[EventDate "2016.07.09"]
[EventType "swiss"]
[EventRounds "9"]
[EventCountry "GER"]
[SourceTitle "CBM 173 Extra"]
[Source "ChessBase"]
[SourceDate "2016.08.29"]
[SourceVersion "1"]
[SourceVersionDate "2016.08.29"]
[SourceQuality "1"]

1. d4 d5 2. c4 e6 3. Nf3 Nf6 4. g3 b6 5. Bg2 Bb7 6. cxd5 exd5 7. 0-0 Be7 8. Nc3 0-0 9. Bg5 h6 10. Bf4 a6 11. Qb3 Nc6 12. Rfd1 Na5 13. Qc2 c5 14. dxc5 bxc5 15. Ne5 d4 16. Bxb7 Nxb7 17. Nc4 Rc8 18. Qa4 Qe8 19. Qxa6 dxc3 20. Qxb7 cxb2 21. Qxb2 Qc6 22. a4 Nd5 23. Qe5 Bf6 24. Qxd5 Qxd5 25. Rxd5 Bxa1 26. Nb6 Rc6 27. Nc4 Ra8 28. a5 Bc3 29. Be3 Bxa5 30. Rxc5 Rxc5 31. Bxc5 Rc8 32. Nxa5 Rxc5 33. Nb3 Rc3 34. Nd4 g6 35. Kg2 f5 36. e3 Kf7 37. h4 Kf6 38. Ne2 Ra3 39. Kf3 g5 40. hxg5+ hxg5 41. Nd4 Ra2 42. Kg2 g4 43. Kg1 Ke5 44. Kg2 Ke4 45. Kf1 Ra5 46. Ke2 Ra2+ 47. Kf1 Rb2 48. Kg1 Ra2 49. Kf1 Ra1+ 50. Kg2 Rc1 51. Kh2 Rc5 52. Kg2 Kd3 53. Kf1 Rd5 54. Ke1 Rc5 55. Kf1 Ra5 56. Kg2 Rd5 57. Kf1 Kd2 58. Nb3+ Kd1 59. Nd4 Ra5 60. Kg2 Ke1 61. Nc2+ Kd2 62. Nd4 Kd1 63. Kf1 Rc5 64. Nb3 Rc8 65. Nd4 Rf8 66. Kg2 Ke1 67. Nc2+ Kd2 1/2-1/2

[Event "Dortmund Sparkassen op-B 44th"]
[Site "Dortmund"]
[Date "2016.07.09"]
[Round "1"]
[White "Bungarten, Jona"]
[Black "Raskin, Vitaly"]
[Result "0-1"]
[WhiteElo "1522"]
[BlackElo "1676"]
[PlyCount "120"]
[EventDate "2016.07.09"]
[EventType "swiss"]
[EventRounds "9"]
[EventCountry "GER"]
[SourceTitle "CBM 173 Extra"]
[Source "ChessBase"]
[SourceDate "2016.08.29"]
[SourceVersion "1"]
[SourceVersionDate "2016.08.29"]
[SourceQuality "1"]

1. e4 e5 2. Nf3 Nc6 3. Bc4 Bc5 4. b4 Bxb4 5. c3 Ba5 6. d4 exd4 7. Qb3 Qe7 8. 0-0 Bb6 9. Ba3 d6 10. Qc2 Bg4 11. Nbd2 0-0-0 12. Rfe1 Bc5 13. Bb2 dxc3 14. Bxc3 Ne5 15. Be2 Nf6 16. Rab1 Nxf3+ 17. Bxf3 Bxf3 18. Nxf3 Ng4 19. Re2 f6 20. Qb3 c6 21. a4 Ne5 22. Nd4 Bxd4 23. Bxd4 c5 24. Bc3 Nc6 25. Reb2 Rd7 26. f3 Re8 27. a5 a6 28. Qb6 Rc7 29. Kf2 Ne5 30. Bxe5 Qxe5 31. Rd1 Rd8 32. Rbd2 Rc6 33. Qb3 c4 34. Qb4 c3 35. Rd5 Qe7 36. Rc1 Qc7 37. Rd3 c2 38. Rd2 Rc5 39. g3 Qxa5 40. Qxa5 Rxa5 41. Rdxc2+ Kb8 42. Rc7 Ra2+ 43. Kg1 Rg8 44. Rd7 Rd2 45. Rcc7 Rb2 46. Rxg7 Rxg7 47. Rxg7 a5 48. Rd7 Rd2 49. Rd8+ Kc7 50. Ra8 Kb6 51. h4 Kb5 52. Kf1 Kb4 53. Ke1 Rh2 54. Ra7 b5 55. Rxh7 a4 56. Kd1 a3 57. Kc1 a2 58. Ra7 Kb3 59. Ra5 a1Q+ 60. Rxa1 Rh1+ 0-1

[Event "Dortmund Sparkassen op-B"]
[Site "Dortmund"]
[Date "2015.07.02"]
[Round "6"]
[White "Kueppers, Timo"]
[Black "Raskin, Vitaly"]
[Result "0-1"]
[WhiteElo "1733"]
[BlackElo "1647"]
[PlyCount "100"]
[EventDate "2015.06.27"]
[EventType "swiss"]
[EventRounds "9"]
[EventCountry "GER"]
[SourceTitle "CBM 167 Extra"]
[Source "ChessBase"]
[SourceDate "2015.09.14"]
[SourceVersion "1"]
[SourceVersionDate "2015.09.14"]
[SourceQuality "1"]

1. e4 e5 2. Nf3 Nc6 3. Bb5 a6 4. Ba4 Nf6 5. 0-0 b5 6. Bb3 d6 7. Re1 Na5 8. c3 Nxb3 9. axb3 Bb7 10. Qc2 c5 11. d3 Be7 12. Nbd2 0-0 13. Nf1 Re8 14. Ng3 g6 15. h3 Bf8 16. Bg5 h6 17. Bd2 Bg7 18. c4 b4 19. Nh2 Nd7 20. Qc1 Kh7 21. Ngf1 Nf8 22. Ne3 Ne6 23. Nf3 Nf4 24. Qc2 Bc8 25. Kh2 Qf6 26. Nd5 Nxd5 27. cxd5 g5 28. Kg1 g4 29. hxg4 Bxg4 30. Nh2 Bd7 31. Re3 Qe7 32. Qd1 f5 33. f3 f4 34. Re2 Bf6 35. Be1 Rg8 36. Nf1 Qg7 37. g3 fxg3 38. Rg2 Bh4 39. Qc2 Bh3 40. Re2 Qf7 41. Nd2 Bg5 42. Qd1 Bf4 43. Nc4 Qg6 44. Bd2 Rgf8 45. Be3 Qg5 46. Rc1 Rf6 47. Rcc2 Raf8 48. Rc1 Qh5 49. Nd2 Bd7 50. Bxf4 Rxf4 0-1

[Event "Dortmund Sparkassen op-B"]
[Site "Dortmund"]
[Date "2015.06.28"]
[Round "2"]
[White "Seref, Erdogan"]
[Black "Raskin, Vitaly"]
[Result "1/2-1/2"]
[WhiteElo "1446"]
[BlackElo "1647"]
[PlyCount "94"]
[EventDate "2015.06.27"]
[EventType "swiss"]
[EventRounds "9"]
[EventCountry "GER"]
[SourceTitle "CBM 167 Extra"]
[Source "ChessBase"]
[SourceDate "2015.09.14"]
[SourceVersion "1"]
[SourceVersionDate "2015.09.14"]
[SourceQuality "1"]

1. c4 e5 2. Nc3 Nf6 3. g3 d5 4. cxd5 Nxd5 5. Bg2 Nxc3 6. bxc3 Nc6 7. d3 Be7 8. Nf3 0-0 9. 0-0 Be6 10. e4 Qd7 11. d4 exd4 12. cxd4 Bg4 13. Bb2 Rad8 14. d5 Nb4 15. Qd4 f6 16. Qc4 Bd6 17. a3 Na6 18. Nd4 Nc5 19. f4 Rfe8 20. Rae1 Qa4 21. Qc3 Qa6 22. h3 Bd7 23. Kh1 Na4 24. Qc2 Nxb2 25. Qxb2 Qxa3 26. Qxa3 Bxa3 27. e5 fxe5 28. fxe5 Bb2 29. Nf3 a5 30. e6 Bb5 31. Rf2 Bf6 32. Ne5 a4 33. Nf7 Ra8 34. d6 cxd6 35. Nxd6 Bc6 36. Bxc6 bxc6 37. Nxe8 Rxe8 38. Ra2 Ra8 39. e7 Re8 40. Rxa4 Rxe7 41. Rc1 Re3 42. Kg2 Be5 43. Rg4 Re2+ 44. Kf3 Rh2 45. Ke4 Re2+ 46. Kf3 Rh2 47. Ke4 Re2+ 1/2-1/2

[Event "Dortmund Sparkassen op-B"]
[Site "Dortmund"]
[Date "2015.06.27"]
[Round "1"]
[White "Raskin, Vitaly"]
[Black "Savchenko, Daniel"]
[Result "0-1"]
[WhiteElo "1647"]
[BlackElo "1897"]
[PlyCount "88"]
[EventDate "2015.06.27"]
[EventType "swiss"]
[EventRounds "9"]
[EventCountry "GER"]
[SourceTitle "CBM 167 Extra"]
[Source "ChessBase"]
[SourceDate "2015.09.14"]
[SourceVersion "1"]
[SourceVersionDate "2015.09.14"]
[SourceQuality "1"]

1. Nf3 d5 2. d4 e6 3. c4 Nf6 4. Nc3 Nbd7 5. Bg5 Be7 6. e3 0-0 7. cxd5 exd5 8. Bd3 c6 9. 0-0 Re8 10. Ne5 Nxe5 11. dxe5 Ng4 12. Bf4 Bf8 13. Rc1 g6 14. e4 d4 15. e6 dxc3 16. exf7+ Kxf7 17. Bc4+ Kg7 18. Qc2 Qf6 19. Qxc3 Qxc3 20. Rxc3 Be6 21. Bxe6 Rxe6 22. f3 Ne5 23. Rb3 b6 24. Rd1 Bc5+ 25. Kf1 Kf6 26. Bg3 g5 27. h4 h6 28. hxg5+ hxg5 29. Bf2 Bxf2 30. Kxf2 Ke7 31. Rc3 Rd8 32. Rxd8 Kxd8 33. Kg3 Rd6 34. Rc2 Rd3 35. b3 Kd7 36. Kf2 c5 37. Ke2 Kc6 38. Rc1 b5 39. Rh1 c4 40. bxc4 bxc4 41. Rh5 c3 42. Rxg5 Rd2+ 43. Ke3 Nc4+ 44. Kf4 c2 0-1

[Event "Dortmund Sparkassen op-B"]
[Site "Dortmund"]
[Date "2014.07.13"]
[Round "2"]
[White "Leonard, Timo"]
[Black "Raskin, Vitaly"]
[Result "0-1"]
[WhiteElo "1242"]
[BlackElo "1597"]
[PlyCount "94"]
[EventDate "2014.07.12"]
[EventType "swiss"]
[EventRounds "9"]
[EventCountry "GER"]
[SourceTitle "EXT 2022"]
[Source "ChessBase"]
[SourceDate "2021.10.06"]
[SourceVersion "1"]
[SourceVersionDate "2021.10.06"]
[SourceQuality "1"]

1. e4 e5 2. Nf3 Nc6 3. Bb5 a6 4. Ba4 Nf6 5. 0-0 d6 6. Re1 b5 7. Bb3 Na5 8. a3 c5 9. c3 Nxb3 10. Qxb3 c4 11. Qc2 Be7 12. a4 Bb7 13. d3 cxd3 14. Qxd3 Bc6 15. axb5 axb5 16. Rxa8 Qxa8 17. Nfd2 0-0 18. Na3 Qb7 19. Nc2 Nd7 20. Nb3 f5 21. Na5 Bxe4 22. Nxb7 Bxd3 23. Nb4 Bc4 24. Rd1 Nc5 25. Nxd6 Rd8 26. Nc6 Rd7 27. Nxe7+ Rxe7 28. Nxf5 Re8 29. Ne3 Bb3 30. Rd2 Ra8 31. Nc2 e4 32. Na3 Nd3 33. Rxd3 exd3 34. Kf1 Re8 35. Be3 Bc4 36. Ke1 h6 37. Kd2 Ra8 38. Bd4 Kf7 39. Be3 Ra6 40. Bd4 Rg6 41. g3 Re6 42. Be3 Kg6 43. Kd1 Kf5 44. Kd2 Ke4 45. Bd4 g5 46. Be3 Kf3 47. Nb1 Kg2 0-1

[Event "NRW Verbandsklasse Group3 1314"]
[Site "Nordrheinwestfalen"]
[Date "2014.02.16"]
[Round "7.6"]
[White "Schaedlich, Andreas"]
[Black "Raskin, Vitaly"]
[Result "0-1"]
[WhiteElo "1929"]
[BlackElo "1589"]
[PlyCount "76"]
[EventDate "2013.09.08"]
[EventType "team-tourn"]
[EventRounds "9"]
[EventCountry "GER"]
[SourceTitle "EXT 2020"]
[Source "ChessBase"]
[SourceDate "2019.10.17"]
[SourceVersion "1"]
[SourceVersionDate "2019.10.17"]
[SourceQuality "1"]
[WhiteTeam "Wacker Bergeborbeck"]
[BlackTeam "Dortmund FS 98 II"]
[WhiteTeamCountry "GER"]
[BlackTeamCountry "GER"]

1. e4 e5 2. Nf3 Nc6 3. Bc4 d6 4. c3 Be6 5. Bb5 a6 6. Ba4 b5 7. Bc2 Nf6 8. 0-0 Be7 9. d4 Bg4 10. Be3 0-0 11. Nbd2 Na5 12. h3 exd4 13. cxd4 Bh5 14. Rc1 c5 15. b3 Nc6 16. dxc5 dxc5 17. Bb1 Nd4 18. g4 Nxg4 19. Bxd4 cxd4 20. hxg4 Bxg4 21. Qc2 Qd6 22. e5 Qh6 23. Qe4 Be6 24. Rfd1 g6 25. Nf1 Rac8 26. Rxc8 Rxc8 27. Nxd4 Rd8 28. Rd3 Bd5 29. Nf3 Bxe4 30. Rxd8+ Bxd8 31. Bxe4 Qf4 32. Bb7 a5 33. Ne3 g5 34. Nd5 Qc1+ 35. Kg2 g4 36. Nd4 b4 37. Nf5 h5 38. Nf4 Qxf4 0-1

[Event "Dortmund Sparkassen op-B"]
[Site "Dortmund"]
[Date "2013.08.03"]
[Round "8"]
[White "Sherif, Malik"]
[Black "Raskin, Vitaly"]
[Result "1/2-1/2"]
[WhiteElo "1320"]
[BlackElo "1691"]
[PlyCount "101"]
[EventDate "2013.07.27"]
[EventType "swiss"]
[EventRounds "9"]
[EventCountry "GER"]
[SourceTitle "EXT 2022"]
[Source "ChessBase"]
[SourceDate "2021.10.06"]
[SourceVersion "1"]
[SourceVersionDate "2021.10.06"]
[SourceQuality "1"]

1. e4 e5 2. Nf3 Nc6 3. Bb5 a6 4. Ba4 Nf6 5. d3 d6 6. Bg5 Be7 7. h3 b5 8. Bb3 Na5 9. 0-0 Nxb3 10. axb3 h6 11. Be3 c5 12. Qd2 Bb7 13. Re1 Qc7 14. c4 b4 15. Qc2 g5 16. Nh2 Rg8 17. Qd2 Nh5 18. Ng4 Rg6 19. Qd1 Nf4 20. Bxf4 gxf4 21. Nd2 Bc8 22. Kf1 Be6 23. Qf3 Bxg4 24. hxg4 Qd7 25. Qh3 Qxg4 26. Qxg4 Rxg4 27. Nf3 Kd7 28. Ra2 a5 29. Rea1 Bd8 30. Kg1 Bc7 31. Kh2 Rag8 32. Rg1 Ke6 33. Kh3 Bd8 34. Raa1 f5 35. Rad1 Kf6 36. Rd2 R4g5 37. Nxg5 hxg5 38. g4 Rh8+ 39. Kg2 fxg4 40. Rh1 f3+ 41. Kg1 Rh4 42. Rh2 Kg6 43. Rd1 Kh5 44. Kh1 Rh3 45. Rg1 Kh4 46. Rf1 Rxh2+ 47. Kxh2 g3+ 48. fxg3+ Kg4 49. Rf2 Be7 50. Rf1 Bd8 51. Rf2 1/2-1/2

[Event "Dortmund Sparkassen op-B"]
[Site "Dortmund"]
[Date "2013.08.02"]
[Round "7"]
[White "Kartsev, Nikolaj"]
[Black "Raskin, Vitaly"]
[Result "1-0"]
[WhiteElo "1591"]
[BlackElo "1691"]
[PlyCount "55"]
[EventDate "2013.07.27"]
[EventType "swiss"]
[EventRounds "9"]
[EventCountry "GER"]
[SourceTitle "EXT 2022"]
[Source "ChessBase"]
[SourceDate "2021.10.06"]
[SourceVersion "1"]
[SourceVersionDate "2021.10.06"]
[SourceQuality "1"]

1. e4 e5 2. Nf3 Nf6 3. Bb5 a6 4. Ba4 Nc6 5. d3 b5 6. Bb3 d6 7. h3 Na5 8. c3 Nxb3 9. Qxb3 Be6 10. Qc2 c5 11. Be3 h6 12. Nbd2 Be7 13. a4 b4 14. a5 0-0 15. 0-0 Rc8 16. cxb4 cxb4 17. Qa4 Bd7 18. Qxb4 d5 19. Qb3 d4 20. Bxh6 gxh6 21. Nxe5 Be6 22. Qd1 Kh7 23. f4 Rg8 24. f5 Qd6 25. Ndf3 Bd7 26. Nxf7 Qg3 27. Qd2 Bb5 28. Qxh6# 1-0

[Event "Dortmund Sparkassen op-B"]
[Site "Dortmund"]
[Date "2013.07.30"]
[Round "4"]
[White "Raskin, Vitaly"]
[Black "Kasueschke, Lars"]
[Result "1/2-1/2"]
[WhiteElo "1691"]
[BlackElo "1745"]
[PlyCount "98"]
[EventDate "2013.07.27"]
[EventType "swiss"]
[EventRounds "9"]
[EventCountry "GER"]
[SourceTitle "EXT 2022"]
[Source "ChessBase"]
[SourceDate "2021.10.06"]
[SourceVersion "1"]
[SourceVersionDate "2021.10.06"]
[SourceQuality "1"]

1. e4 c5 2. Nf3 g6 3. d4 cxd4 4. Qxd4 Nf6 5. e5 Nc6 6. Qd1 Nxe5 7. Bd2 Nc6 8. Bd3 Bg7 9. 0-0 0-0 10. c4 d5 11. Nc3 Be6 12. c5 Nd7 13. Na4 Rc8 14. Rb1 Bg4 15. Be2 Bxf3 16. Bxf3 e6 17. b4 b6 18. b5 Nd4 19. c6 Nc5 20. Bg4 a6 21. bxa6 Rxc6 22. a7 Qc7 23. Be3 Qxa7 24. Nxb6 Rxb6 25. Rxb6 Qxb6 26. Bxd4 Bxd4 27. Qxd4 Nd7 28. Qxb6 Nxb6 29. Rc1 Rc8 30. Rxc8+ Nxc8 31. a4 Kf8 32. f4 Ke7 33. Kf2 Kd6 34. a5 Kc5 35. a6 Kd4 36. Be2 Na7 37. Bd1 f6 38. h4 e5 39. fxe5 fxe5 40. g4 h6 41. g5 hxg5 42. hxg5 Kc5 43. Ke3 Nc6 44. Bg4 Kb6 45. Bc8 Ne7 46. Bb7 Nf5+ 47. Kd3 Nd6 48. Bxd5 Kxa6 49. Be4 Nf7 1/2-1/2

[Event "Herne Laufer op"]
[Site "Herne"]
[Date "2006.06.17"]
[Round "6"]
[White "Raskin, Vitaly"]
[Black "Schwarz, Ingo"]
[Result "0-1"]
[WhiteElo "1719"]
[BlackElo "2004"]
[PlyCount "120"]
[EventDate "2006.06.14"]
[EventType "swiss"]
[EventRounds "7"]
[EventCountry "GER"]
[SourceTitle "CBM 112 Extra"]
[Source "ChessBase"]
[SourceDate "2006.07.14"]
[SourceVersion "1"]
[SourceVersionDate "2006.07.14"]
[SourceQuality "1"]

1. d4 g6 2. c4 Bg7 3. Nf3 d6 4. Nc3 e6 5. e4 Ne7 6. Be2 Nd7 7. 0-0 0-0 8. Be3 Kh8 9. Qd2 Nf6 10. Bh6 Ng4 11. Bxg7+ Kxg7 12. h3 Nh6 13. d5 e5 14. Nh2 Bd7 15. f4 exf4 16. Qxf4 f6 17. Kh1 g5 18. Qd2 Ng6 19. Nf3 g4 20. Nd4 gxh3 21. Nf5+ Nxf5 22. exf5 hxg2+ 23. Kxg2 Bxf5 24. Rh1 Rh8 25. Qh6+ Kg8 26. Raf1 Qd7 27. Bh5 Rf8 28. Kg1 Rf7 29. Rf2 Rg7 30. Rg2 Qe7 31. Qd2 Be4 32. Nxe4 Qxe4 33. Qe2 Qxe2 34. Bxe2 Nf4 35. Rxg7+ Kxg7 36. Bf3 Re8 37. Kf1 Re5 38. Rh2 Nd3 39. Rg2+ Rg5 40. Rd2 Ne5 41. Be2 f5 42. Rd4 Ng4 43. a3 Kf6 44. Kg2 Ke5 45. Rd2 Ne3+ 46. Kf2 f4 47. b3 h5 48. Bf3 h4 49. Ra2 Kd4 50. Ra1 h3 51. Rg1 Rxg1 52. Kxg1 Kc3 53. b4 Nxc4 54. Kh2 Nxa3 55. Kxh3 Kxb4 56. Kg4 Kc4 57. Kxf4 Kd4 58. Kg3 Nc4 59. Kf2 Ne3 60. Ke2 Nxd5 0-1

[Event "Dortmund op"]
[Site "Dortmund"]
[Date "2006.03.20"]
[Round "7.14"]
[White "Raskin, Vitaly"]
[Black "Schultz, Bernfried"]
[Result "1-0"]
[WhiteElo "1663"]
[BlackElo "1716"]
[PlyCount "65"]
[EventDate "2006.03.06"]
[EventType "swiss"]
[EventRounds "9"]
[EventCountry "GER"]
[SourceTitle "CBM 111 Extra"]
[Source "ChessBase"]
[SourceDate "2006.05.09"]
[SourceVersion "1"]
[SourceVersionDate "2006.05.09"]
[SourceQuality "1"]

1. e4 e5 2. Nf3 Nc6 3. Bb5 a6 4. Ba4 Nf6 5. Nc3 d6 6. 0-0 Bd7 7. d3 Be7 8. Ne2 b5 9. Bb3 Na5 10. Ng3 c5 11. Bd5 Nxd5 12. exd5 0-0 13. b3 Rc8 14. c4 f5 15. Re1 h6 16. h3 Qe8 17. Bb2 Qg6 18. Kh1 f4 19. Ne4 Rf5 20. Rg1 Rh5 21. Nh2 Rf8 22. Qf3 Nb7 23. g4 fxg3 24. Qxg3 Qf7 25. f4 Rxh3 26. Qg2 Kh7 27. fxe5 dxe5 28. Bxe5 Bf6 29. Raf1 Rxd3 30. Bxf6 gxf6 31. Nxf6+ Kh8 32. Nxd7 Qxf1 33. Qg7# 1-0

[Event "Dortmund op"]
[Site "Dortmund"]
[Date "2006.03.14"]
[Round "5.24"]
[White "Schrimpl, Michael"]
[Black "Raskin, Vitaly"]
[Result "0-1"]
[WhiteElo "1497"]
[BlackElo "1663"]
[PlyCount "110"]
[EventDate "2006.03.06"]
[EventType "swiss"]
[EventRounds "9"]
[EventCountry "GER"]
[SourceTitle "CBM 111 Extra"]
[Source "ChessBase"]
[SourceDate "2006.05.09"]
[SourceVersion "1"]
[SourceVersionDate "2006.05.09"]
[SourceQuality "1"]

1. c4 e5 2. Nc3 Nf6 3. Nf3 d6 4. g3 Nbd7 5. Bg2 Be7 6. 0-0 0-0 7. d3 c6 8. Rb1 d5 9. cxd5 cxd5 10. Bd2 Rb8 11. a3 d4 12. Na2 a5 13. b4 axb4 14. axb4 b5 15. Nc1 Bb7 16. Nb3 Nd5 17. Nc5 Nxc5 18. bxc5 Nc3 19. Bxc3 Bxf3 20. Bxf3 dxc3 21. Qb3 b4 22. c6 Qc7 23. Ra1 Ra8 24. Ra2 Rxa2 25. Qxa2 Rb8 26. Bd5 Bd6 27. Ra1 g6 28. Qb3 Kg7 29. Kg2 Rb6 30. Ra2 Bc5 31. h3 Rxc6 32. Bxc6 Qxc6+ 33. e4 Qe6 34. Qa4 b3 35. Re2 Qb6 36. Qa1 Bd4 37. Qb1 c2 38. Rxc2 bxc2 39. Qxc2 Qb2 40. Qxb2 Bxb2 41. f4 f6 42. Kf3 Kf7 43. g4 Bc1 44. f5 g5 45. Ke2 Ke7 46. Kd1 Bf4 47. Kc2 Kd6 48. Kb3 Kc5 49. Kc3 Be3 50. d4+ Bxd4+ 51. Kd3 Kb4 52. h4 h6 53. hxg5 hxg5 54. Kc2 Kc4 55. Kd2 Bc5 0-1

[Event "Dortmund-ch"]
[Site "Dortmund"]
[Date "2005.03.17"]
[Round "9"]
[White "Voeller, Lothar"]
[Black "Raskin, Vitaly"]
[Result "0-1"]
[WhiteElo "1565"]
[BlackElo "1670"]
[PlyCount "140"]
[EventDate "2005.02.28"]
[EventType "swiss"]
[EventRounds "9"]
[EventCountry "GER"]
[SourceTitle "CBM 105 Extra"]
[Source "ChessBase"]
[SourceDate "2005.05.01"]
[SourceVersion "1"]
[SourceVersionDate "2005.05.01"]
[SourceQuality "1"]

1. e4 e5 2. Nf3 Nc6 3. Bb5 a6 4. Bxc6 dxc6 5. 0-0 f6 6. Nxe5 fxe5 7. Qh5+ Ke7 8. Qxe5+ Be6 9. d4 Qd6 10. Qg5+ Kd7 11. c3 h6 12. Qe3 Rd8 13. b3 Kc8 14. f4 g6 15. Bb2 Bg7 16. Nd2 Qe7 17. Rad1 Nf6 18. h3 Rhe8 19. Rfe1 Bf5 20. e5 Nd5 21. Qf2 Rf8 22. c4 Nb4 23. Ba3 a5 24. d5 c5 25. Bxb4 axb4 26. Nf3 g5 27. d6 Qe8 28. Qxc5 Qc6 29. Qxc6 bxc6 30. g4 Bc2 31. Rd2 Rxf4 32. Nd4 Rxd4 33. Rxd4 cxd6 34. Rd2 Bg6 35. Rxd6 Rxd6 36. exd6 Bd4+ 37. Kh2 Kd7 38. Rd1 c5 39. Kg3 Kxd6 40. h4 Ke5 41. Re1+ Be4 42. hxg5 hxg5 43. Re2 Bc3 44. Rh2 Kd4 45. Rh6 Ke3 46. Re6 Be1+ 47. Kh3 Bd2 48. Kg3 Kd3 49. Rd6+ Kc3 50. Kf2 Bf4 51. Re6 Bc2 52. Rc6 Be5 53. Ke2 Bd4 54. Rc7 Kb2 55. Rc8 Kxa2 56. Rg8 Kxb3 57. Rxg5 Kxc4 58. Rg8 b3 59. Kd2 Be5 60. Re8 Bf4+ 61. Ke2 b2 62. Kf3 b1Q 63. Kxf4 Qf1+ 64. Kg3 Qf7 65. Re3 Kd4 66. Rf3 Qc7+ 67. Kh4 Bd1 68. Rf6 Qh2+ 69. Kg5 Qe5+ 70. Rf5 Qg7+ 0-1

[Event "Dortmund-ch"]
[Site "Dortmund"]
[Date "2005.03.10"]
[Round "6"]
[White "Raskin, Vitaly"]
[Black "Barskij, Alexander"]
[Result "0-1"]
[WhiteElo "1670"]
[BlackElo "1825"]
[PlyCount "102"]
[EventDate "2005.02.28"]
[EventType "swiss"]
[EventRounds "9"]
[EventCountry "GER"]
[SourceTitle "CBM 105 Extra"]
[Source "ChessBase"]
[SourceDate "2005.05.01"]
[SourceVersion "1"]
[SourceVersionDate "2005.05.01"]
[SourceQuality "1"]

1. d4 d5 2. c4 e6 3. Nc3 c6 4. a3 Nf6 5. Bg5 Nbd7 6. e3 Be7 7. Nf3 0-0 8. Bd3 h6 9. Bh4 b6 10. 0-0 Bb7 11. cxd5 Nxd5 12. Bxe7 Qxe7 13. Rc1 c5 14. Nxd5 Bxd5 15. e4 Bb7 16. Bb1 e5 17. d5 Nf6 18. Re1 Ne8 19. Qa4 Nd6 20. Qc2 Rae8 21. Nd2 Ba6 22. h3 g6 23. Qa4 Bb5 24. Qb3 Qd7 25. Qg3 Qe7 26. f4 exf4 27. Qxf4 Qg5 28. Qxg5 hxg5 29. b3 f6 30. Nf3 Nf7 31. e5 Nxe5 32. Nxe5 Rxe5 33. Rxe5 fxe5 34. Bxg6 Kg7 35. Bh5 Kf6 36. Rd1 e4 37. Kf2 Ke5+ 38. Ke3 Rd8 39. Bf7 Bd3 40. Rd2 b5 41. Be6 Rf8 42. Rb2 Rf1 43. Rf2 Rxf2 44. Kxf2 Bc2 45. b4 c4 46. Ke3 c3 47. Bf7 Bd3 48. g3 c2 49. Kd2 e3+ 50. Kxe3 c1Q+ 51. Kxd3 Qf1+ 0-1

[Event "Dortmund-ch"]
[Site "Dortmund"]
[Date "2005.03.03"]
[Round "3"]
[White "Zeldin, Vitali"]
[Black "Raskin, Vitaly"]
[Result "1-0"]
[WhiteElo "1918"]
[BlackElo "1670"]
[PlyCount "77"]
[EventDate "2005.02.28"]
[EventType "swiss"]
[EventRounds "9"]
[EventCountry "GER"]
[SourceTitle "CBM 105 Extra"]
[Source "ChessBase"]
[SourceDate "2005.05.01"]
[SourceVersion "1"]
[SourceVersionDate "2005.05.01"]
[SourceQuality "1"]

1. e4 e5 2. Nf3 Nc6 3. Bb5 a6 4. Ba4 Nf6 5. 0-0 b5 6. Bb3 Be7 7. Re1 0-0 8. a4 Bb7 9. c3 d6 10. d4 exd4 11. cxd4 Na5 12. Bc2 c5 13. d5 Nc4 14. Nc3 b4 15. Ne2 Ne5 16. Nxe5 dxe5 17. Ng3 Bc8 18. b3 Re8 19. a5 Qd6 20. Nf1 Bg4 21. f3 Bd7 22. Ne3 Bb5 23. Nf5 Qd7 24. Bb2 Bf8 25. f4 g6 26. fxe5 Nxe4 27. Bxe4 gxf5 28. Re3 f4 29. Bxh7+ Kxh7 30. Rh3+ Qxh3 31. gxh3 Bh6 32. Kf2 Rg8 33. Qc2+ Rg6 34. Rg1 Rag8 35. h4 Kh8 36. e6+ Bg7 37. Rxg6 fxg6 38. Qxg6 Bd4+ 39. Bxd4+ 1-0